000 00755nam a2200229 i 4500
001 118726
003 ES-MaACL
005 20230906191148.0
007 t|
008 070214s1953 sp |||| |bspa d
080 _a929 Bernadette Soubirous, Santa
100 1 _aPetitot, R.O.H.
_991522
245 1 0 _aSanta Bernardita
_b: historia exacta de su vida interior y religiosa /
_cR.O.H. Petitot ; traducción de R.P. Victoriano Mª de Larrainzar.
260 _aBilbao :
_bDescleé de Brouwer,
_c1953.
300 _a221 p. ;
_c19 cm.
490 1 _aSpiritus
600 1 4 _aBernadette Soubirous
_cSanta.
_9163489
700 1 _aLarrainzar, Victoriano María de.
_970299
830 0 _aSpiritus
_9181888
852 _aES-MaACL
_jC-6268
999 _c118726
_d118726